Memoir of Tunku Md. Jewa Haji (Tunku Temenggong Kedah) (Record no. 28409)

MARC details
000 -LEADER
fixed length control field 00712nam a2200217 i 4500
001 - CONTROL NUMBER
control field C2-0112675
003 - CONTROL NUMBER IDENTIFIER
control field PPAK
005 - DATE AND TIME OF LATEST TRANSACTION
control field 20180727104000.0
008 - FIXED-LENGTH DATA ELEMENTS--GENERAL INFORMATION
fixed length control field 970701s xx a|||| ||||| | eng d
040 ## - CATALOGING SOURCE
Original cataloging agency PPAK
Language of cataloging eng
Transcribing agency PPAK
Description conventions rda
082 04 - DEWEY DECIMAL CLASSIFICATION NUMBER
Classification number 923.1595112
Edition number 23
090 00 - LOCALLY ASSIGNED LC-TYPE CALL NUMBER (OCLC); LOCAL CALL NUMBER (RLIN)
Classification number (OCLC) (R) ; Classification number, CALL (RLIN) (NR) 923.1595112
Feature heading MEM
Feature heading KK
245 00 - TITLE STATEMENT
Title Memoir of Tunku Md. Jewa Haji (Tunku Temenggong Kedah)
264 #1 - PRODUCTION, PUBLICATION, DISTRIBUTION, MANUFACTURE, AND COPYRIGHT NOTICE
Place of production, publication, distribution, manufacture [place of publication not identified] :
Name of producer, publisher, distributor, manufacturer [publisher not identified] ,
Date of production, publication, distribution, manufacture, or copyright notice [date of publication not identified]
300 ## - PHYSICAL DESCRIPTION
Extent [7 pages] :
Other physical details illustrations ;
Dimensions 21 cm
336 ## - CONTENT TYPE
Source rdacontent
Content type term text
337 ## - MEDIA TYPE
Source rdamedia
Media type term unmediated
338 ## - CARRIER TYPE
Source rdacarrier
Carrier type term volume
650 10 - SUBJECT ADDED ENTRY--TOPICAL TERM
Topical term or geographic name entry element Heads of state - Biography - Kedah
942 ## - ADDED ENTRY ELEMENTS (KOHA)
-- dc
Koha item type Book
Holdings
Withdrawn Not for loan Current library Shelving location Date acquired Full call number Barcode Date last seen Koha item type
  Not For Loan Perpustakaan Alor Setar Koleksi Kedah 21/07/1998 KK 923.1595112 MEM A00153213 08/05/2018 Book
  Not For Loan Perpustakaan Alor Setar Koleksi Kedah 09/01/2003 KK 923.1595112 MEM A00156157 08/05/2018 Book
  Not For Loan Perpustakaan Alor Setar Koleksi Kedah 26/11/2002 KK 923.1595112 MEM A00155984 08/05/2018 Book